| 000 | 00434nam a2200181Ia 4500 | ||
|---|---|---|---|
| 001 | 9869 | ||
| 005 | 20260306161750.0 | ||
| 008 | 260306t1956||||xx |||||||||||||| ||spa|| | ||
| 041 | _aESP | ||
| 082 |
_a808.008 _bM42 |
||
| 100 |
_aMenéndez Pidal, Ramón _eAUT |
||
| 245 | 0 | _aAntología de prosistas españoles | |
| 260 | _c1956 | ||
| 300 |
_a261 páginas : _c18 cm. |
||
| 650 | _aGEN | ||
| 654 | _aCHU | ||
| 942 |
_cLIB _dJUS _fJUS _2ddc _n |
||
| 999 |
_c9869 _d9869 |
||